A history of literary criticism (Record no. 265)

MARC details
000 -LEADER
fixed length control field 00444 a2200169 4500
001 - CONTROL NUMBER
control field 066073
003 - CONTROL NUMBER IDENTIFIER
control field OSt
005 - DATE AND TIME OF LATEST TRANSACTION
control field 20210909150737.0
008 - FIXED-LENGTH DATA ELEMENTS--GENERAL INFORMATION
fixed length control field
082 ## - DEWEY DECIMAL CLASSIFICATION NUMBER
Classification number 801.9509
Item number H11H
100 1# - MAIN ENTRY--PERSONAL NAME
Personal name Habib, M.A.R.
245 1# - TITLE STATEMENT
Title A history of literary criticism
Statement of responsibility, etc by M.A.R. Habib
260 ## - PUBLICATION, DISTRIBUTION, ETC. (IMPRINT)
Place of publication, distribution, etc USA
Name of publisher, distributor, etc Blackwell
Date of publication, distribution, etc 2006
300 ## - PHYSICAL DESCRIPTION
Extent 838p.
690 ## - LOCAL SUBJECT ADDED ENTRY--TOPICAL TERM (OCLC, RLIN)
Topical term or geographic name as entry element Criticism -- History; Criticism; Literaturtheorie;
942 ## - ADDED ENTRY ELEMENTS (KOHA)
Source of classification or shelving scheme Dewey Decimal Classification
Koha item type Books
Holdings
Withdrawn status Lost status Source of classification or shelving scheme Damaged status Not for loan Collection code Home library Current library Date acquired Source of acquisition Cost, normal purchase price Total Checkouts Full call number Barcode Date last seen Date checked out Price effective from Koha item type
    Dewey Decimal Classification     General Text Book Central University Of Rajasthan Central University Of Rajasthan 07/03/2012 ENG 1395.00 2 801.9509 H11H 359 21/11/2024 25/01/2023 02/09/2020 Books